000 01003nam a2200253 a 4500
001
003 OSt
005 20201002062733.0
008 100908s1992 dr a r 000 0 spa d
040 _aDO-SdBNP
_bspa
_cBNPHU
082 _a352.48
_bR426p,1992
110 2 _aRepública Dominicana
_bSecretariado Técnico de la Presidencia
_bOficina Nacional de Presupuesto
_932266
245 1 0 _aPresupuestos de ingresos y gastos de las instituciones descentralizadas y autónomas 1992
260 _aSanto Domingo :
_bSecretariado Técnico de la Presidencia,
_c1992
300 _aVarias paginaciones
_b
_c28 cm.
500 _aPublicación complementaria al presupuesto de ingresos y ley de gastos públicos del año 1992
590 _aInventariado, 2020/VM
650 4 _aPresupuesto
_zRepública Dominicana
_97940
650 4 _aHacienda pública
_zRepública Dominicana
_96562
651 4 _aRepública Dominicana
_xPresupuestados Públicos
_y1988
_944800
910 _a
942 _2ddc
_cLF1
956 _aVMateo
999 _c48808
_d48808